| 000 | 00394cam a2200157ua 4500 | ||
|---|---|---|---|
| 041 |
_aeng _h |
||
| 082 |
_a551.48 _bMAN/WA |
||
| 100 | _aMandal, R.B . | ||
| 245 |
_aWater resource management / _cR.B Mandal. _hTextual Documents |
||
| 260 |
_aNew Delhi : _bConcept Publishing Company , _c2006. |
||
| 300 | _a ; . | ||
| 504 | _a | ||
| 942 | _cBK | ||
| 999 |
_c12978 _d12978 |
||